LEADER 02650oam 2200625I 450 001 9910780096203321 005 20230421041352.0 010 $a1-134-93125-5 010 $a1-280-32330-2 010 $a0-203-22382-9 024 7 $a10.4324/9780203223826 035 $a(CKB)111056485513050 035 $a(EBL)179846 035 $a(OCoLC)475885653 035 $a(SSID)ssj0000269531 035 $a(PQKBManifestationID)11235100 035 $a(PQKBTitleCode)TC0000269531 035 $a(PQKBWorkID)10243313 035 $a(PQKB)11746918 035 $a(MiAaPQ)EBC179846 035 $a(Au-PeEL)EBL179846 035 $a(CaPaEBR)ebr10058297 035 $a(CaONFJC)MIL32330 035 $a(OCoLC)50901906 035 $a(EXLCZ)99111056485513050 100 $a20180331d1993 uy 0 101 0 $aeng 135 $aur|n|---||||| 181 $ctxt 182 $cc 183 $acr 200 10$aWe are but women $ewomen in Ireland's history /$fRoger Sawyer 210 1$aLondon ;$aNew York :$cRoutledge,$d1993. 215 $a1 online resource (231 p.) 300 $aDescription based upon print version of record. 311 $a0-415-05866-X 320 $aIncludes bibliographical references (p. 194-200) and index. 327 $aBook Cover; Title; Contents; Foreword by; Preface; Acknowledgements; FROM THE BEGINNING; IN THE ASCENDANT; IRISH CULTURAL REVIVAL; WOMEN'S RIGHTS AND SEPARATISM: TOWARDS A FREE STATE; WOMEN AND THE SOCIAL CONSEQUENCES OF IRISH INDEPENDENCE; WOMEN AND THE SOCIAL CONSEQUENCES OF IRISH DEVOLUTION; ATTITUDES AND THEIR OUTCOME: SOUTH AND NORTH; EMANCIPATION AND UNITY; Notes; Bibliography; Index 330 $aWe Are But Women sets the history of Irish women in the context of the broad sweep of Irish history, dealing even-handedly with the diverse traditions of unionism and nationalism. Through an examination of exemplar individuals and organisations, the book traces the growth of Irish awareness of such `women's issues' as emancipation, divorce and abortion. Above all, it acknowledges the key role played by women in finding a solution to the Irish Question. 606 $aWomen$xPolitical activity$zIreland$xHistory 606 $aWomen$zIreland$xHistory 606 $aIrish question 607 $aIreland$xHistory 615 0$aWomen$xPolitical activity$xHistory. 615 0$aWomen$xHistory. 615 0$aIrish question. 676 $a941.5/00442 700 $aSawyer$b Roger$f1931,$01531347 801 0$bMiAaPQ 801 1$bMiAaPQ 801 2$bMiAaPQ 906 $aBOOK 912 $a9910780096203321 996 $aWe are but women$93776943 997 $aUNINA LEADER 01648nas 2200493 c 450 001 9910145180703321 005 20260218111630.0 024 7 $aurn:nbn:de:hbz:6:2-67257 035 $a(CKB)1000000000272619 035 $a(OCoLC)1184409681 035 $a(OCoLC)259835345 035 $a(DE-101)989806391 035 $a(DE-599)ZDB2441219-3 035 $a(DE-599)2441219-3 035 $a(EXLCZ)991000000000272619 100 $a20080730a20049999 |y | 101 0 $ager 135 $aur||||||||||| 181 $ctxt$2rdacontent 182 $cc$2rdamedia 183 $acr$2rdacarrier 200 00$aDenkmalpflege in Westfalen-Lippe$fhrsg. vom LWL-Amt fu?r Denkmalpflege in Westfalen im Auftrag des Landschaftsverbandes Westfalen-Lippe 210 31$aMu?nster$cArdey$d2004- 300 $aGesehen am 02.12.2016 311 08$a0947-8299 606 $aDenkmalpflege$3(DE-588)4011455-7$3https://d-nb.info/gnd/4011455-7$3(DE-101)040114554$2gnd 606 $aDenkmalpflege$3(DE-588)4011455-7$3https://d-nb.info/gnd/4011455-7$3(DE-101)040114554$2gnd 607 $aWestfalen$2gnd 607 $aWestfalen-Lippe$2gnd 608 $aZeitschrift$2gnd-content 615 7$aDenkmalpflege. 615 7$aDenkmalpflege. 676 $a700 676 $a060 686 $a05$a844200$2nwbib 712 02$aWestfa?lisches Amt fu?r Denkmalpflege,$4isb 712 02$aLandschaftsverband Westfalen-Lippe$bWestfa?lisches Landesamt fu?r Denkmalpflege$4isb 801 0$b0006 801 1$bDE-101 801 2$b0006 906 $aJOURNAL 912 $a9910145180703321 996 $aDenkmalpflege in Westfalen-Lippe$91920529 997 $aUNINA